Online
Catalog

Justicia para todos : (Record no. 44004)

MARC details
000 -CABECERA
campo de control de longitud fija 00415nam a2200133 a 4500
001 - NÚMERO DE CONTROL
campo de control 000044515
005 - FECHA Y HORA DE LA ÚLTIMA TRANSACCIÓN
campo de control 20230306100132.0
008 - DATOS DE LONGITUD FIJA--INFORMACIÓN GENERAL
campo de control de longitud fija 140704s2004 dr a 000 0 spa d
040 ## - FUENTE DE LA CATALOGACIÓN
Centro catalogador/agencia de origen DO-SdBNP
Lengua de catalogación spa
Centro/agencia transcriptor BNPHU
245 00 - MENCIÓN DE TÍTULO
Título Justicia para todos :
Resto del título nuevo código procesal penal.
260 ## - PUBLICACIÓN, DISTRIBUCIÓN, ETC.
Lugar de publicación, distribución, etc. Santo Domingo :
Nombre del editor, distribuidor, etc. FINJUS,
Fecha de publicación, distribución, etc. 2004.
300 ## - DESCRIPCIÓN FÍSICA
Extensión 11 p. :
Otras características físicas il. ;
Dimensiones 29 cm.
710 1# - PUNTO DE ACCESO ADICIONAL--NOMBRE DE ENTIDAD CORPORATIVA
Nombre de entidad corporativa o nombre de jurisdicción como elemento de entrada Fundación Institucionalidad y Justicia
9 (RLIN) 19649
Holdings
Estado de retiro Estado de pérdida No para préstamo Código de colección Localización permanente Ubicación/localización actual Ubicación en estantería Fecha de adquisición Número de inventario Total de préstamos Signatura topográfica completa Código de barras Fecha visto por última vez Precio válido a partir de Tipo de ítem Koha Número de copia Restricciones de uso
    Excluido de préstamo Patrimonio Dominicano Patrimonio Dominicano Patrimonio Dominicano En catalogación 04.07.2014 LF1   44515-10 25.06.2020 25.06.2020 Libro y Folleto Colección Patrimonio Dominicano    
    Excluido de préstamo Patrimonio Dominicano Patrimonio Dominicano Patrimonio Dominicano En catalogación 04.07.2014 LF1   44515-20 25.06.2020 25.06.2020 Libro y Folleto Colección Patrimonio Dominicano e. 2  
    Excluido de préstamo Raros y valiosos Patrimonio Dominicano Patrimonio Dominicano Depósito 04.07.2014 LF1   44516-10 25.06.2020 25.06.2020 No se presta    

Powered by Koha